Statistics for All Modern-Day Countries Ever Controlled by Prussia

Click here to take the quiz!

General Stats

  • This quiz has been taken 38,617 times
  • The average score is 10 of 13

Answers on the Map

Answers color-coded by a green-red scale on the quiz's map according to % correct below.
 

Answer Stats

Countries% Correct
Germany
99%
Poland
99%
Denmark
97%
Russia
96%
Lithuania
94%
Netherlands
94%
Belarus
93%
Belgium
93%
Switzerland
82%
Czech Republic
70%
Ghana
50%
Mauritania
47%
United States (Puerto Rico / Virgin Islands)
20%

Score Distribution

Percentile by Number Answered

Percent of People with Each Score

Your Score History

You have not taken this quiz